000
00283nam a22001337a 4500
008
181107b xxu||||| |||| 00| 0 eng d
020
_a
9781444146622
041
_a
eng
080
_a
573
100
_a
9
101
_a
MJE
245
_a
The Global Casino
_c
Nick.M
942
_2
udc
_c
BK
999
_c
52107
_d
52107